000
00284nam a22001337a 4500
008
170204b xxu||||| |||| 00| 0 eng d
020
_a
2901285422908
041
_a
eng
080
_2
4TH
_a
61
100
_a
3
101
_a
SHM
245
_a
3-2-1 CODE IT
_c
GREEN, M.A
942
_2
udc
_c
BK
999
_c
4579
_d
4579